Skylanders spyro's adventure - Statistiques

Statistiques générales
  • Ce quiz a été pris 147 fois
  • Le résultat moyen est 20 sur 32
Statistiques - réponses
Hint Réponse % Correct
MAGIE spyro
96%
FEU eruptor
81%
TECH trigger happy
81%
EAU gill grunt
75%
MV chop chop
74%
AIR sonic boom
73%
TERRE bash
71%
EAU zap
71%
MV hex
69%
TERRE terrafin
69%
TECH drobot
66%
FEU ignitor
66%
MV cynder
65%
TECH drill sergeant
63%
TERRE prism break
62%
VIE stealth elf
62%
MAGIE wrecking ball
62%
VIE zook
62%
VIE camo
61%
MAGIE double trouble
61%
EAU slam bam
61%
MAGIE voodood
61%
AIR warnado
61%
TERRE dino rang
58%
AIR lightning rod
56%
TECH boomer
55%
VIE stump smash
55%
FEU sunburn
55%
AIR whirlwind
54%
FEU flameslinger
51%
MV ghost roaster
49%
EAU wham shell
44%
Aucun quiz correspondant
Distribution des résultats
% des personnes avec chaque résultat
Percentile par nombre de réponses
Votre historique - résultats
Vous n’avez pas pris ce quiz